000 01073nam a2200301 a 4500
001 72671
003 BD-RjUL
005 20211209082309.0
008 170522s1970 at a b 001 0 eng
020 _a0642984808
035 _a(BD-RjUL)72889
040 _aDLC
_cDLC
_dBD-RjUL
_beng
041 _aeng
082 0 0 _223
_a582.160994
_bHAF 1970
100 1 _aHall, Norman.
_d1906-
_9214957
245 1 0 _aForest trees of Australia /
_c[by] N. Hall, R. D. Johnston [and] G. M. Chippendale.
250 _a3rd rev. enl. ed.
260 _aCanberra :
_bAustralian Government Publishing Service,
_c1970.
300 _axiv, 333 p. :
_bill. ;
_c26 cm.
500 _aAt head of title: Department of National Development. Forestry and Timber Bureau.
504 _aIncludes bibliography: (p. 307-308) and indexes.
650 0 _aTrees
_zAustralia.
_9214958
650 0 _aForest plants
_zAustralia.
_9214959
700 1 _aJohnston, R. D.,
_ejoint author.
_9214960
700 1 _aChippendale, George McCartney,
_ejoint author.
_9214961
942 _2ddc
_cBK
999 _c72671
_d72671